[Event "Team Championship of Russia (rapid)"]
[Site "Sochi"]
[Date "2015.05.08"]
[Round "2.24"]
[White "Vdovin, Vadim"]
[Black "Konaplev, Anton"]
[Result "1-0"]
[LiveChessVersion "1.4.4"]
[BlackElo "2033"]
[WhiteElo "2175"]
[BlackTeam "SHK Rakita"]
[WhiteTeam "Academy Glek"]

1. e4 {[%clk 0:15:19]} Nf6 {[%clk 0:15:15]} 2. e5 {[%clk 0:15:28]} Nd5
{[%clk 0:15:24]} 3. d4 {[%clk 0:15:37]} d6 {[%clk 0:15:33]} 4. c4
{[%clk 0:15:47]} Nb6 {[%clk 0:15:42]} 5. exd6 {[%clk 0:15:56]} cxd6
{[%clk 0:15:52]} 6. Nc3 {[%clk 0:16:05]} g6 {[%clk 0:15:57]} 7. Be3
{[%clk 0:16:14]} Bg7 {[%clk 0:16:06]} 8. Rc1 {[%clk 0:16:22]} O-O
{[%clk 0:16:12]} 9. b3 {[%clk 0:16:31]} Bf5 {[%clk 0:16:20]} 10. Be2
{[%clk 0:16:40]} d5 {[%clk 0:16:26]} 11. c5 {[%clk 0:16:49]} Nc8 12. Bf3 e5
{[%clk 0:16:44]} 13. dxe5 {[%clk 0:16:11]} Nc6 {[%clk 0:16:40]} 14. g4
{[%clk 0:14:01]} Be6 {[%clk 0:16:06]} 15. Nge2 {[%clk 0:11:14]} Nxe5
{[%clk 0:14:54]} 16. Nd4 {[%clk 0:11:23]} Ne7 {[%clk 0:14:05]} 17. h3
{[%clk 0:10:59]} N7c6 {[%clk 0:13:45]} 18. Bg2 {[%clk 0:10:40]} Rc8
{[%clk 0:11:41]} 19. O-O {[%clk 0:10:37]} Nxd4 {[%clk 0:08:48]} 20. Bxd4
{[%clk 0:10:45]} f6 {[%clk 0:03:31]} 21. Bxe5 {[%clk 0:10:09]} fxe5
{[%clk 0:03:39]} 22. Nxd5 {[%clk 0:10:10]} Rf7 {[%clk 0:03:35]} 23. Ne3
{[%clk 0:09:53]} Rd7 {[%clk 0:03:24]} 24. Qf3 {[%clk 0:09:32]} Qa5
{[%clk 0:03:12]} 25. c6 {[%clk 0:09:03]} bxc6 {[%clk 0:01:58]} 26. Rxc6
{[%clk 0:09:10]} Rxc6 {[%clk 0:01:54]} 27. Qxc6 {[%clk 0:09:18]} Qb6
{[%clk 0:01:47]} 28. Rc1 {[%clk 0:08:28]} Kf7 {[%clk 0:01:40]} 29. Qf3+
{[%clk 0:08:08]} Ke7 {[%clk 0:01:33]} 30. Bf1 {[%clk 0:07:00]} Bh6
{[%clk 0:01:04]} 31. Rc6 {[%clk 0:06:40]} Qd4 {[%clk 0:00:46]} 32. Bc4
{[%clk 0:06:11]} Rd6 {[%clk 0:00:13]} 33. Bxe6 {[%clk 0:04:34]} Rxc6
{[%clk 0:00:15]} 34. Qxc6 {[%clk 0:03:31]} Bxe3 {[%clk 0:00:24]} 35. fxe3
{[%clk 0:01:40]} Qxe3+ {[%clk 0:00:12]} 36. Kf1 {[%clk 0:01:20]} Qd3+
{[%clk 0:00:14]} 37. Ke1 {[%clk 0:01:16]} Qb1+ {[%clk 0:00:13]} 38. Kd2
{[%clk 0:01:06]} Qb2+ {[%clk 0:00:12]} 39. Kd3 {[%clk 0:01:02]} Qb1+
{[%clk 0:00:11]} 40. Kd2 {[%clk 0:00:37]} Qb2+ {[%clk 0:00:17]} 41. Ke3
{[%clk 0:00:30]} Qd4+ {[%clk 0:00:20]} 42. Ke2 {[%clk 0:00:39]} e4
{[%clk 0:00:13]} 43. Qd7+ {[%clk 0:00:21]} Qxd7 {[%clk 0:00:19]} 44. Bxd7
{[%clk 0:00:30]} Kxd7 {[%clk 0:00:28]} 45. Ke3 {[%clk 0:00:39]} Ke6
{[%clk 0:00:12]} 46. Kxe4 {[%clk 0:00:47]} h5 {[%clk 0:00:11]} 47. b4
{[%clk 0:00:37]} hxg4 {[%clk 0:00:13]} 48. hxg4 {[%clk 0:00:46]} a6
{[%clk 0:00:15]} 49. a4 {[%clk 0:00:54]} g5 {[%clk 0:00:11]} 50. b5
{[%clk 0:00:57]} axb5 {[%clk 0:00:20]} 51. axb5 {[%clk 0:01:06]} 1-0

[Event "Team Championship of Russia (rapid)"]
[Site "Sochi"]
[Date "2015.05.08"]
[Round "2.25"]
[White "Zvjaginsev, Vadim"]
[Black "Ponomarenko, Alexandr"]
[Result "1-0"]
[LiveChessVersion "1.4.4"]
[BlackElo "2210"]
[WhiteElo "2799"]
[WhiteTeam "SHSM-Our Heritage-2"]

1. c4 {[%clk 0:15:17]} Nf6 {[%clk 0:15:17]} 2. Nc3 {[%clk 0:15:26]} e5
{[%clk 0:15:22]} 3. g3 {[%clk 0:15:31]} c5 {[%clk 0:15:24]} 4. Bg2
{[%clk 0:15:32]} Nc6 {[%clk 0:15:33]} 5. e3 {[%clk 0:15:19]} Be7 {[%clk 0:15:36]}
6. Nge2 {[%clk 0:15:25]} O-O {[%clk 0:15:42]} 7. O-O {[%clk 0:15:32]} d6
{[%clk 0:15:27]} 8. d3 {[%clk 0:15:16]} Be6 {[%clk 0:15:16]} 9. Nd5
{[%clk 0:15:20]} Qd7 {[%clk 0:15:03]} 10. f4 {[%clk 0:13:09]} Bh3
{[%clk 0:14:16]} 11. Nec3 {[%clk 0:12:49]} Bxg2 {[%clk 0:14:20]} 12. Kxg2
{[%clk 0:12:58]} exf4 {[%clk 0:13:23]} 13. Rxf4 {[%clk 0:11:53]} Rae8
{[%clk 0:11:32]} 14. e4 {[%clk 0:11:36]} Nxd5 {[%clk 0:10:44]} 15. Nxd5
{[%clk 0:11:45]} Ne5 {[%clk 0:10:36]} 16. Rf5 {[%clk 0:10:46]} g6
{[%clk 0:08:34]} 17. Rf1 {[%clk 0:09:49]} f5 {[%clk 0:08:33]} 18. Bh6
{[%clk 0:09:49]} Rf7 {[%clk 0:08:41]} 19. exf5 {[%clk 0:09:07]} Rxf5
{[%clk 0:08:33]} 20. Rxf5 {[%clk 0:08:02]} Qxf5 {[%clk 0:08:40]} 21. Qf1
{[%clk 0:06:50]} Qxd3 {[%clk 0:05:35]} 22. Nxe7+ {[%clk 0:06:41]} 1-0

[Event "Team Championship of Russia (rapid)"]
[Site "Sochi"]
[Date "2015.05.08"]
[Round "2.26"]
[White "Dulenko, Maxim"]
[Black "Dubov, Daniil"]
[Result "0-1"]
[LiveChessVersion "1.4.4"]
[BlackElo "2686"]
[WhiteElo "2140"]
[BlackTeam "SHSM-Our Heritage-2"]

1. e4 {[%clk 0:15:19]} g6 {[%clk 0:15:17]} 2. d4 {[%clk 0:15:20]} Bg7
{[%clk 0:15:26]} 3. Nc3 {[%clk 0:15:25]} d6 {[%clk 0:15:35]} 4. Be3
{[%clk 0:15:26]} a6 {[%clk 0:15:43]} 5. Bd3 {[%clk 0:15:30]} b5 {[%clk 0:15:50]}
6. Qd2 {[%clk 0:15:19]} Bb7 {[%clk 0:15:48]} 7. h4 {[%clk 0:14:56]} h5 8. f3
{[%clk 0:14:58]} Nd7 {[%clk 0:15:57]} 9. Nce2 {[%clk 0:14:39]} c5
{[%clk 0:15:41]} 10. c3 {[%clk 0:14:47]} e6 {[%clk 0:15:50]} 11. g3
{[%clk 0:14:37]} Ne7 {[%clk 0:14:45]} 12. Nh3 {[%clk 0:14:44]} Qa5
{[%clk 0:14:47]} 13. a3 {[%clk 0:13:56]} Rc8 {[%clk 0:14:29]} 14. O-O
{[%clk 0:13:40]} O-O {[%clk 0:14:18]} 15. b4 {[%clk 0:13:40]} Qc7
{[%clk 0:14:18]} 16. Bh6 {[%clk 0:12:34]} Qb6 {[%clk 0:14:04]} 17. Qg5
{[%clk 0:10:50]} cxd4 {[%clk 0:13:24]} 18. Bxg7 {[%clk 0:10:35]} Kxg7
{[%clk 0:13:32]} 19. Qxe7 {[%clk 0:10:00]} Ne5 {[%clk 0:11:25]} 20. Nef4
{[%clk 0:09:26]} Nxd3 {[%clk 0:10:04]} 21. Nxd3 {[%clk 0:08:22]} Rfe8
{[%clk 0:09:04]} 22. Qg5 {[%clk 0:08:28]} f6 {[%clk 0:09:13]} 23. Qc1
{[%clk 0:08:21]} Rxc3 {[%clk 0:09:09]} 24. Qd2 {[%clk 0:08:28]} e5
{[%clk 0:09:15]} 25. Nhf2 {[%clk 0:08:26]} Rec8 {[%clk 0:09:08]} 26. Rfc1
{[%clk 0:08:30]} d5 {[%clk 0:08:40]} 27. exd5 {[%clk 0:07:57]} Bxd5
{[%clk 0:08:47]} 28. Ne4 {[%clk 0:08:06]} Bxe4 {[%clk 0:08:25]} 29. fxe4
{[%clk 0:08:15]} Qe6 {[%clk 0:08:34]} 30. Kh2 {[%clk 0:08:07]} Qg4
{[%clk 0:08:16]} 31. Rxc3 {[%clk 0:06:14]} Rxc3 {[%clk 0:08:19]} 32. Rc1
{[%clk 0:06:18]} Rc4 {[%clk 0:08:25]} 33. Nf2 {[%clk 0:04:55]} Qf3
{[%clk 0:08:28]} 34. Rg1 {[%clk 0:02:52]} Rc3 {[%clk 0:07:33]} 35. Rg2
{[%clk 0:02:30]} Rxa3 {[%clk 0:07:04]} 36. Qc2 {[%clk 0:02:37]} Qc3
{[%clk 0:07:09]} 37. Qb1 {[%clk 0:02:34]} Ra1 38. Qd3 Re1 {[%clk 0:05:17]} 39.
Qxc3 {[%clk 0:01:40]} dxc3 40. Nd3 Rxe4 {[%clk 0:05:25]} 41. Rc2 {[%clk 0:01:57]}
Rc4 {[%clk 0:05:33]} 42. Kg1 {[%clk 0:01:44]} e4 {[%clk 0:05:38]} 43. Nc5
{[%clk 0:01:53]} a5 {[%clk 0:05:46]} 44. Kf2 {[%clk 0:01:33]} axb4
{[%clk 0:05:53]} 45. Nb3 {[%clk 0:01:41]} f5 {[%clk 0:05:40]} 46. Ke3
{[%clk 0:01:45]} Kf6 {[%clk 0:05:49]} 47. Ra2 {[%clk 0:00:34]} c2
{[%clk 0:05:35]} 48. Nc1 {[%clk 0:00:15]} b3 {[%clk 0:05:38]} 49. Rb2
{[%clk 0:00:22]} Rc3+ {[%clk 0:05:44]} 50. Kf2 {[%clk 0:00:25]} Rd3
{[%clk 0:05:38]} 51. Rxb3 {[%clk 0:00:22]} Rd1 {[%clk 0:05:46]} 52. Ne2
{[%clk 0:00:22]} c1=Q {[%clk 0:05:49]} 53. Nxc1 {[%clk 0:00:31]} Rxc1
{[%clk 0:05:58]} 54. Rxb5 {[%clk 0:00:40]} Rc2+ {[%clk 0:06:03]} 55. Ke3
{[%clk 0:00:40]} Rc3+ {[%clk 0:06:12]} 56. Kf2 {[%clk 0:00:49]} Rc6
{[%clk 0:06:12]} 57. Ke3 {[%clk 0:00:56]} g5 {[%clk 0:06:21]} 58. hxg5+
{[%clk 0:00:53]} Kxg5 {[%clk 0:06:30]} 59. Rb8 {[%clk 0:01:02]} Rc3+
{[%clk 0:06:13]} 60. Kf2 {[%clk 0:01:12]} h4 {[%clk 0:06:06]} 61. Rg8+
{[%clk 0:01:20]} Kf6 {[%clk 0:06:15]} 62. gxh4 Ke5 {[%clk 0:06:24]} 63. h5
{[%clk 0:01:29]} Kf4 {[%clk 0:06:23]} 64. h6 {[%clk 0:01:27]} e3+
{[%clk 0:06:17]} 65. Ke2 {[%clk 0:00:36]} Rc2+ {[%clk 0:06:15]} 66. Kd3
{[%clk 0:00:20]} Rd2+ 67. Kc3 Rd7 {[%clk 0:06:30]} 68. Rg7 {[%clk 0:00:31]} e2
{[%clk 0:06:34]} 69. Rxd7 {[%clk 0:00:34]} e1=Q+ {[%clk 0:06:41]} 70. Kb2
{[%clk 0:00:28]} Qf2+ {[%clk 0:06:16]} 71. Kc3 {[%clk 0:00:22]} Qc5+
{[%clk 0:06:11]} 72. Kd2 {[%clk 0:00:23]} Qc6 {[%clk 0:06:07]} 73. Rd4+
{[%clk 0:00:19]} Ke5 {[%clk 0:06:14]} 74. h7 {[%clk 0:00:22]} Qh6+
{[%clk 0:06:23]} 0-1

[Event "Team Championship of Russia (rapid)"]
[Site "Sochi"]
[Date "2015.05.08"]
[Round "2.27"]
[White "Potkin, Vladimir"]
[Black "Kayukov, Kirill"]
[Result "1-0"]
[LiveChessVersion "1.4.4"]
[BlackElo "2012"]
[WhiteElo "2676"]
[WhiteTeam "SHSM-Our Heritage-2"]

1. d4 {[%clk 0:15:19]} e6 {[%clk 0:15:20]} 2. c4 {[%clk 0:15:23]} d5
{[%clk 0:15:28]} 3. Nf3 {[%clk 0:15:28]} c6 {[%clk 0:15:31]} 4. Nbd2
{[%clk 0:15:29]} f5 {[%clk 0:15:35]} 5. g3 {[%clk 0:15:37]} Nf6 {[%clk 0:15:43]}
6. Bg2 {[%clk 0:15:45]} Be7 {[%clk 0:15:52]} 7. O-O {[%clk 0:15:53]} O-O
{[%clk 0:16:00]} 8. Qc2 {[%clk 0:15:57]} Bd7 {[%clk 0:16:04]} 9. Ne5
{[%clk 0:16:01]} Be8 {[%clk 0:16:12]} 10. cxd5 {[%clk 0:15:50]} cxd5
{[%clk 0:16:14]} 11. Ndf3 {[%clk 0:15:58]} Nc6 {[%clk 0:16:09]} 12. Bf4
{[%clk 0:16:05]} Rc8 {[%clk 0:16:06]} 13. Qb3 {[%clk 0:16:00]} Na5
{[%clk 0:15:35]} 14. Qd3 {[%clk 0:15:43]} Qb6 {[%clk 0:15:25]} 15. b3
{[%clk 0:14:59]} Ne4 {[%clk 0:15:20]} 16. Rfc1 {[%clk 0:11:57]} Bb5
{[%clk 0:15:19]} 17. Qe3 {[%clk 0:12:05]} Ba3 {[%clk 0:15:21]} 18. Rxc8
{[%clk 0:12:06]} Rxc8 {[%clk 0:15:29]} 19. Nd3 {[%clk 0:11:56]} Nc6
{[%clk 0:13:42]} 20. h4 {[%clk 0:10:30]} a5 {[%clk 0:13:21]} 21. h5
{[%clk 0:10:04]} Nb4 {[%clk 0:13:06]} 22. Nxb4 {[%clk 0:07:18]} axb4
{[%clk 0:13:11]} 23. Be5 {[%clk 0:07:11]} Rc3 {[%clk 0:10:57]} 24. Qf4
{[%clk 0:07:19]} Bxe2 {[%clk 0:10:37]} 25. Qh4 {[%clk 0:05:27]} Nf6
{[%clk 0:07:56]} 26. h6 {[%clk 0:05:36]} Bxf3 {[%clk 0:07:36]} 27. hxg7
{[%clk 0:05:44]} Qd8 {[%clk 0:06:27]} 28. Bxf6 {[%clk 0:05:26]} Qe8
{[%clk 0:06:28]} 29. Bxf3 {[%clk 0:05:31]} Rxf3 {[%clk 0:06:37]} 30. Kg2
{[%clk 0:05:38]} Rc3 {[%clk 0:06:21]} 31. Rh1 {[%clk 0:05:17]} Qg6
{[%clk 0:06:29]} 32. Be5 {[%clk 0:05:23]} Rc8 {[%clk 0:06:30]} 33. Qf4
{[%clk 0:04:56]} Bb2 {[%clk 0:05:46]} 34. Rh6 {[%clk 0:04:39]} Qg4
{[%clk 0:05:39]} 35. Qxg4 {[%clk 0:04:27]} fxg4 {[%clk 0:05:47]} 36. Rxe6
{[%clk 0:04:36]} Bc1 {[%clk 0:05:33]} 37. Re7 {[%clk 0:04:41]} b5
{[%clk 0:05:40]} 38. Rb7 {[%clk 0:04:24]} Bh6 {[%clk 0:05:38]} 39. Rxb5
{[%clk 0:04:32]} Bxg7 {[%clk 0:05:45]} 40. Bxg7 {[%clk 0:04:40]} Kxg7
{[%clk 0:05:52]} 41. Rxb4 {[%clk 0:04:48]} Kf6 {[%clk 0:05:54]} 42. Rb6+
{[%clk 0:04:50]} Kf5 {[%clk 0:06:02]} 43. a4 {[%clk 0:04:09]} Ke4
{[%clk 0:06:10]} 44. a5 {[%clk 0:04:12]} Kxd4 {[%clk 0:06:09]} 45. a6
{[%clk 0:04:18]} Kc3 {[%clk 0:05:45]} 46. b4 {[%clk 0:04:26]} d4 {[%clk 0:05:48]}
47. b5 {[%clk 0:04:20]} Kb4 {[%clk 0:05:36]} 48. a7 {[%clk 0:04:09]} Ra8
{[%clk 0:05:29]} 49. Rb7 {[%clk 0:04:17]} d3 {[%clk 0:04:27]} 50. b6
{[%clk 0:04:26]} Kc5 {[%clk 0:04:31]} 51. Rb8 {[%clk 0:04:18]} d2
{[%clk 0:04:33]} 52. Rxa8 {[%clk 0:04:20]} d1=Q {[%clk 0:04:39]} 53. Rc8+
{[%clk 0:04:27]} 1-0

[Event "Team Championship of Russia (rapid)"]
[Site "Sochi"]
[Date "2015.05.08"]
[Round "2.28"]
[White "Tereshechkina, Maya"]
[Black "Popov, Ivan"]
[Result "0-1"]
[LiveChessVersion "1.4.4"]
[BlackElo "2701"]
[WhiteElo "2188"]
[BlackTeam "SHSM-Our Heritage-2"]

1. d4 {[%clk 0:15:18]} Nf6 {[%clk 0:15:19]} 2. c4 {[%clk 0:15:27]} b6
{[%clk 0:15:28]} 3. f3 {[%clk 0:15:26]} Nc6 {[%clk 0:15:27]} 4. e4
{[%clk 0:15:25]} e5 {[%clk 0:15:35]} 5. d5 {[%clk 0:14:07]} Nd4 {[%clk 0:15:43]}
6. Be3 {[%clk 0:13:56]} Bc5 {[%clk 0:15:50]} 7. Qd2 {[%clk 0:12:33]} Nc2+
{[%clk 0:15:33]} 8. Qxc2 {[%clk 0:12:33]} Bxe3 {[%clk 0:15:41]} 9. Ne2
{[%clk 0:12:07]} Qe7 {[%clk 0:14:29]} 10. Ng3 {[%clk 0:11:27]} g6
{[%clk 0:14:31]} 11. Nd2 {[%clk 0:11:30]} h5 {[%clk 0:14:35]} 12. Bd3
{[%clk 0:10:57]} h4 {[%clk 0:14:40]} 13. Ngf1 {[%clk 0:11:01]} Bh6
{[%clk 0:14:21]} 14. a3 {[%clk 0:09:19]} c6 {[%clk 0:13:45]} 15. Rc1
{[%clk 0:09:10]} O-O {[%clk 0:13:17]} 16. Ke2 {[%clk 0:08:41]} Nh5
{[%clk 0:12:15]} 17. g3 {[%clk 0:08:28]} cxd5 {[%clk 0:12:05]} 18. cxd5
{[%clk 0:08:27]} d6 {[%clk 0:12:07]} 19. Bb5 {[%clk 0:06:51]} Bh3
{[%clk 0:10:43]} 20. Kf2 {[%clk 0:06:13]} Rac8 {[%clk 0:10:45]} 21. Bc6
{[%clk 0:06:17]} f5 {[%clk 0:10:50]} 22. Ne3 {[%clk 0:05:52]} Qg5
{[%clk 0:10:35]} 23. Ndf1 {[%clk 0:05:45]} Bxf1 {[%clk 0:10:38]} 24. Nxf1
{[%clk 0:04:38]} Qxc1 {[%clk 0:10:43]} 25. Ke1 0-1

[Event "Team Championship of Russia (rapid)"]
[Site "Sochi"]
[Date "2015.05.08"]
[Round "2.29"]
[White "Triapishko, Olexandr"]
[Black "Yudin, Sergei"]
[Result "1/2-1/2"]
[LiveChessVersion "1.4.4"]
[BlackElo "2642"]
[WhiteElo "2544"]
[BlackTeam "Polytechnic"]
[WhiteTeam "Crimea"]

1. e4 {[%clk 0:15:02]} d6 {[%clk 0:15:19]} 2. d4 {[%clk 0:15:09]} Nf6
{[%clk 0:15:28]} 3. Nc3 {[%clk 0:15:17]} e5 {[%clk 0:15:36]} 4. Nf3
{[%clk 0:15:21]} Nbd7 {[%clk 0:15:45]} 5. Rg1 {[%clk 0:15:09]} c6
{[%clk 0:14:59]} 6. g4 {[%clk 0:15:02]} h6 {[%clk 0:15:08]} 7. Be3
{[%clk 0:12:29]} Qa5 {[%clk 0:15:11]} 8. Qd2 {[%clk 0:10:12]} b5 {[%clk 0:15:16]}
9. Bd3 {[%clk 0:09:23]} Bb7 {[%clk 0:15:17]} 10. h4 {[%clk 0:08:21]} b4
{[%clk 0:15:02]} 11. Ne2 {[%clk 0:08:16]} exd4 {[%clk 0:15:08]} 12. Bxd4
{[%clk 0:07:54]} c5 {[%clk 0:15:13]} 13. Bxf6 {[%clk 0:07:52]} Nxf6
{[%clk 0:15:22]} 14. Qe3 {[%clk 0:07:19]} O-O-O {[%clk 0:15:18]} 15. g5
{[%clk 0:06:44]} Nd7 {[%clk 0:15:16]} 16. Nd2 {[%clk 0:04:14]} hxg5
{[%clk 0:15:08]} 17. Nc4 {[%clk 0:04:12]} Qc7 {[%clk 0:15:15]} 18. hxg5
{[%clk 0:04:17]} g6 {[%clk 0:15:10]} 19. O-O-O {[%clk 0:04:16]} Bg7
{[%clk 0:15:17]} 20. Qf3 {[%clk 0:03:38]} Ne5 {[%clk 0:14:35]} 21. Nxe5
{[%clk 0:03:46]} Bxe5 {[%clk 0:14:43]} 22. Bc4 {[%clk 0:03:46]} Rh4
{[%clk 0:14:50]} 23. Rg4 {[%clk 0:03:33]} Rxg4 {[%clk 0:14:31]} 24. Qxg4+
{[%clk 0:03:41]} Kb8 {[%clk 0:14:40]} 25. Nf4 {[%clk 0:02:58]} Bxe4
{[%clk 0:14:27]} 26. Nd5 {[%clk 0:02:47]} Bxd5 {[%clk 0:14:29]} 27. Bxd5
{[%clk 0:02:52]} Bd4 {[%clk 0:13:46]} 28. Qf3 {[%clk 0:02:21]} Rf8
{[%clk 0:13:42]} 29. c3 {[%clk 0:01:51]} Be5 {[%clk 0:13:33]} 30. Qd3
{[%clk 0:01:34]} c4 {[%clk 0:13:38]} 31. Qxc4 {[%clk 0:01:08]} Qxc4
{[%clk 0:13:46]} 32. Bxc4 {[%clk 0:01:17]} bxc3 {[%clk 0:13:55]} 33. bxc3
{[%clk 0:01:23]} Kc7 {[%clk 0:13:48]} 34. Kc2 {[%clk 0:01:22]} f6
{[%clk 0:13:40]} 35. gxf6 {[%clk 0:00:51]} Rxf6 {[%clk 0:13:49]} 36. Rd2
{[%clk 0:00:52]} Rf3 {[%clk 0:13:57]} 37. Bd3 {[%clk 0:00:48]} g5
{[%clk 0:14:05]} 38. Kd1 {[%clk 0:00:23]} Bxc3 {[%clk 0:13:58]} 39. Be4
{[%clk 0:00:27]} Rh3 {[%clk 0:13:47]} 40. Rd3 {[%clk 0:00:29]} g4
{[%clk 0:13:13]} 41. Bf5 {[%clk 0:00:37]} Rh1+ {[%clk 0:13:18]} 42. Kc2
{[%clk 0:00:46]} Be1 {[%clk 0:13:23]} 43. Rd1 {[%clk 0:00:40]} Rh2
{[%clk 0:13:23]} 44. Bxg4 {[%clk 0:00:45]} Rxf2+ {[%clk 0:13:31]} 45. Kb3
{[%clk 0:00:53]} Bd2 {[%clk 0:13:37]} 46. Kc2 {[%clk 0:00:48]} Bf4+
{[%clk 0:13:40]} 47. Kb3 {[%clk 0:00:56]} Be5 {[%clk 0:13:49]} 48. Be6
{[%clk 0:00:52]} Kb6 {[%clk 0:13:49]} 49. Ka3 {[%clk 0:00:36]} Rf3+
{[%clk 0:13:48]} 50. Ka4 {[%clk 0:00:34]} Rf4+ {[%clk 0:13:56]} 51. Kb3
{[%clk 0:00:34]} a5 {[%clk 0:14:04]} 52. a4 {[%clk 0:00:24]} Rb4+
{[%clk 0:14:13]} 53. Ka3 {[%clk 0:00:33]} Bd4 {[%clk 0:14:01]} 54. Rd3
{[%clk 0:00:35]} Bb2+ {[%clk 0:12:50]} 55. Ka2 {[%clk 0:00:43]} Kc5
{[%clk 0:12:49]} 56. Rd5+ {[%clk 0:00:23]} Kb6 {[%clk 0:12:37]} 57. Rxd6+
{[%clk 0:00:30]} 1/2-1/2

[Event "Team Championship of Russia (rapid)"]
[Site "Sochi"]
[Date "2015.05.08"]
[Round "2.30"]
[White "Goganov, Aleksey"]
[Black "Shemeakin, Alexander"]
[Result "1/2-1/2"]
[LiveChessVersion "1.4.4"]
[BlackElo "2559"]
[WhiteElo "2500"]
[BlackTeam "Crimea"]
[WhiteTeam "Polytechnic"]

1. Nf3 {[%clk 0:15:18]} d5 {[%clk 0:15:16]} 2. g3 {[%clk 0:15:27]} c6
{[%clk 0:15:24]} 3. Bg2 {[%clk 0:15:36]} Nf6 {[%clk 0:15:33]} 4. O-O
{[%clk 0:15:42]} Bf5 {[%clk 0:15:40]} 5. d3 {[%clk 0:15:44]} h6 {[%clk 0:15:48]}
6. Nbd2 {[%clk 0:15:51]} e6 {[%clk 0:15:56]} 7. b3 {[%clk 0:15:57]} Be7
{[%clk 0:15:48]} 8. Bb2 {[%clk 0:16:05]} O-O {[%clk 0:15:55]} 9. Re1
{[%clk 0:15:54]} a5 {[%clk 0:15:38]} 10. a3 {[%clk 0:16:01]} Bh7 {[%clk 0:15:30]}
11. e4 {[%clk 0:16:04]} c5 {[%clk 0:13:47]} 12. exd5 {[%clk 0:14:57]} exd5
{[%clk 0:13:30]} 13. Ne5 {[%clk 0:15:04]} Nc6 {[%clk 0:13:00]} 14. a4
{[%clk 0:14:27]} Re8 {[%clk 0:11:44]} 15. Ndf3 {[%clk 0:13:09]} Bd6
{[%clk 0:10:45]} 16. Qd2 {[%clk 0:11:55]} Nxe5 {[%clk 0:10:22]} 17. Nxe5
{[%clk 0:10:46]} Qc7 {[%clk 0:09:45]} 18. Nf3 {[%clk 0:10:50]} d4
{[%clk 0:09:23]} 19. Rxe8+ {[%clk 0:10:55]} Rxe8 {[%clk 0:09:13]} 20. Re1
{[%clk 0:11:03]} Bf5 {[%clk 0:08:51]} 21. Rxe8+ {[%clk 0:11:01]} Nxe8
{[%clk 0:08:59]} 22. Qe1 {[%clk 0:11:02]} Kf8 {[%clk 0:08:07]} 23. Nd2
{[%clk 0:11:03]} b6 {[%clk 0:06:44]} 24. Nc4 {[%clk 0:09:55]} Be6
{[%clk 0:06:00]} 25. Nxd6 {[%clk 0:09:51]} Qxd6 {[%clk 0:05:32]} 26. Qe4
{[%clk 0:08:02]} Nf6 {[%clk 0:04:49]} 27. Qa8+ {[%clk 0:07:44]} Ke7
{[%clk 0:04:57]} 28. Qb7+ {[%clk 0:07:40]} Nd7 {[%clk 0:04:37]} 29. Bc1
{[%clk 0:07:17]} Qe5 {[%clk 0:04:04]} 30. Qe4 {[%clk 0:05:21]} Qxe4
{[%clk 0:03:49]} 31. Bxe4 {[%clk 0:05:12]} g5 {[%clk 0:03:30]} 32. h4
{[%clk 0:04:52]} f6 {[%clk 0:03:38]} 33. Bg2 {[%clk 0:03:33]} Kd6
{[%clk 0:03:33]} 34. hxg5 {[%clk 0:02:06]} hxg5 {[%clk 0:03:42]} 35. Kf1
{[%clk 0:02:14]} Bd5 {[%clk 0:02:51]} 36. Bxd5 {[%clk 0:02:05]} Kxd5
{[%clk 0:02:59]} 37. f3 {[%clk 0:02:10]} Ke5 {[%clk 0:01:48]} 38. Kf2
{[%clk 0:02:06]} Nb8 {[%clk 0:01:47]} 39. f4+ {[%clk 0:00:38]} Kf5
{[%clk 0:01:56]} 40. fxg5 {[%clk 0:00:46]} fxg5 {[%clk 0:02:04]} 41. Kf3
{[%clk 0:00:54]} g4+ {[%clk 0:00:48]} 42. Ke2 {[%clk 0:01:02]} Na6
{[%clk 0:00:34]} 43. Bf4 {[%clk 0:01:05]} Ke6 {[%clk 0:00:41]} 44. Kd2
{[%clk 0:01:07]} Kd5 {[%clk 0:00:50]} 45. Ke2 {[%clk 0:00:56]} Kc6
{[%clk 0:00:47]} 46. Kd2 {[%clk 0:01:03]} Nb4 {[%clk 0:00:56]} 47. Be5
{[%clk 0:00:59]} Nd5 {[%clk 0:00:44]} 48. Bb8 {[%clk 0:01:02]} b5
{[%clk 0:00:45]} 49. axb5+ {[%clk 0:01:10]} Kxb5 {[%clk 0:00:54]} 50. Bd6
{[%clk 0:01:08]} Kc6 {[%clk 0:00:25]} 51. Be5 {[%clk 0:01:12]} Ne3
{[%clk 0:00:20]} 52. Bf4 {[%clk 0:01:14]} Nd5 {[%clk 0:00:25]} 1/2-1/2

[Event "Team Championship of Russia (rapid)"]
[Site "Sochi"]
[Date "2015.05.08"]
[Round "2.31"]
[White "Alexeev, Alexey"]
[Black "Krutko, Anatoly"]
[Result "0-1"]
[LiveChessVersion "1.4.4"]
[BlackElo "2486"]
[WhiteElo "2416"]
[WhiteTeam "Crimea"]

1. d4 {[%clk 0:15:17]} Nf6 {[%clk 0:15:19]} 2. g3 {[%clk 0:15:24]} g6
{[%clk 0:15:27]} 3. Bg2 {[%clk 0:15:32]} Bg7 {[%clk 0:15:35]} 4. e4
{[%clk 0:15:41]} d6 {[%clk 0:15:43]} 5. Ne2 {[%clk 0:15:48]} O-O {[%clk 0:15:50]}
6. Nbc3 {[%clk 0:15:57]} e5 {[%clk 0:15:50]} 7. O-O {[%clk 0:16:00]} Nc6
{[%clk 0:15:53]} 8. dxe5 {[%clk 0:16:05]} dxe5 {[%clk 0:16:00]} 9. Bg5
{[%clk 0:16:13]} Qxd1 {[%clk 0:15:07]} 10. Raxd1 {[%clk 0:16:17]} h6
{[%clk 0:15:15]} 11. Be3 {[%clk 0:15:44]} b6 {[%clk 0:13:36]} 12. Nd5
{[%clk 0:15:41]} Ba6 {[%clk 0:13:39]} 13. Rfe1 {[%clk 0:15:22]} Ne8
{[%clk 0:12:07]} 14. c3 {[%clk 0:15:17]} Kh7 {[%clk 0:11:17]} 15. f4
{[%clk 0:14:06]} Rd8 {[%clk 0:10:28]} 16. f5 {[%clk 0:13:49]} h5 {[%clk 0:10:35]}
17. h3 {[%clk 0:12:40]} Bh6 {[%clk 0:10:21]} 18. Kf2 {[%clk 0:12:29]} Bc4
{[%clk 0:09:37]} 19. b3 {[%clk 0:12:11]} Bxd5 {[%clk 0:09:44]} 20. exd5
{[%clk 0:12:08]} Ne7 {[%clk 0:09:51]} 21. Bxh6 {[%clk 0:09:45]} Kxh6
{[%clk 0:10:00]} 22. fxg6 {[%clk 0:09:17]} Nxg6 {[%clk 0:05:54]} 23. g4
{[%clk 0:09:00]} hxg4 {[%clk 0:05:37]} 24. hxg4 {[%clk 0:09:09]} Nd6
{[%clk 0:05:45]} 25. Rh1+ {[%clk 0:08:03]} Kg7 {[%clk 0:05:38]} 26. Ng3
{[%clk 0:08:03]} Nf4 {[%clk 0:04:58]} 27. Nh5+ {[%clk 0:07:41]} Nxh5
{[%clk 0:05:07]} 28. Rxh5 {[%clk 0:07:48]} f6 {[%clk 0:04:51]} 29. Rdh1
{[%clk 0:06:51]} Rh8 {[%clk 0:03:46]} 30. c4 {[%clk 0:06:58]} Rxh5
{[%clk 0:03:51]} 31. Rxh5 {[%clk 0:07:05]} a5 {[%clk 0:03:58]} 32. Ke3
{[%clk 0:07:02]} a4 {[%clk 0:03:49]} 33. Be4 {[%clk 0:06:30]} axb3
{[%clk 0:02:29]} 34. axb3 {[%clk 0:06:32]} Nxe4 {[%clk 0:02:08]} 35. Kxe4
{[%clk 0:06:40]} Kg6 {[%clk 0:02:18]} 36. Rf5 {[%clk 0:04:26]} Rh8
{[%clk 0:02:02]} 37. d6 {[%clk 0:04:13]} cxd6 {[%clk 0:01:54]} 38. Kd5
{[%clk 0:03:52]} Rh3 {[%clk 0:02:02]} 39. Kxd6 {[%clk 0:03:51]} Rxb3
{[%clk 0:02:09]} 40. Ke6 {[%clk 0:03:59]} e4 {[%clk 0:02:12]} 41. Rxf6+
{[%clk 0:03:58]} Kg5 {[%clk 0:02:22]} 42. Ke5 {[%clk 0:02:39]} e3
{[%clk 0:02:29]} 43. Rf4 {[%clk 0:02:40]} Kh4 {[%clk 0:01:28]} 44. Re4
{[%clk 0:02:13]} Kg3 {[%clk 0:01:33]} 45. g5 {[%clk 0:02:22]} Kf2
{[%clk 0:01:42]} 46. g6 {[%clk 0:02:30]} e2 {[%clk 0:01:48]} 47. g7
{[%clk 0:02:21]} Rg3 {[%clk 0:01:57]} 48. Rf4+ {[%clk 0:02:23]} Ke3
{[%clk 0:01:46]} 49. Re4+ {[%clk 0:02:21]} Kd3 {[%clk 0:01:44]} 50. Rd4+
{[%clk 0:01:34]} Kc3 {[%clk 0:01:52]} 51. Re4 {[%clk 0:01:32]} Rxg7
{[%clk 0:01:59]} 52. Kd5 {[%clk 0:01:38]} Rg5+ {[%clk 0:00:58]} 53. Kc6
{[%clk 0:01:35]} Kd3 {[%clk 0:00:58]} 54. Re6 {[%clk 0:01:16]} Rc5+
{[%clk 0:00:45]} 55. Kxb6 {[%clk 0:01:24]} Rxc4 {[%clk 0:00:53]} 56. Kb5
{[%clk 0:01:14]} Re4 {[%clk 0:00:59]} 57. Rd6+ {[%clk 0:01:22]} Kc2
{[%clk 0:01:07]} 0-1